| 000 | 00000nam##2200000za#4500 |
| 001 | 9.669967 |
| 003 | CaOODSP |
| 005 | 20210615125157 |
| 007 | ta |
| 008 | 150407|2008||||xxc||||| f|0| 0 eng|d |
| 020 | |a978-0-662-05588-4 |
| 040 | |aCaOODSP|beng |
| 041 | |aeng |
| 041 | |afre |
| 043 | |an-cn--- |
| 086 | 1 |aHP60-2/2008 |
| 110 | 2 |aPublic Health Agency of Canada. |
| 245 | 10|aPublic Health Agency of Canada, National Microbiology Laboratory report of accomplishments : |bexcellence, innovation, leadership |
| 260 | |aOttawa - Ontario : |bPublic Health Agency of Canada |cc2008. |
| 300 | |aEnglish text, 10p. : |bcoloured figs., graphs, photographs ; |c28 cm. |
| 520 | 3 |aHighlights the major achievements and outlines the future direction. |
| 563 | |aSoftcover |
| 590 | |a10-10|b2010-03-12 |
| 690 | 07|aMicrobiology|2gcpds |
| 776 | 0#|tAgence de la santé publique du Canada, Laboratoire national de microbiologie, rapport des accomplissements : |w(CaOODSP)9.635194 |
| 776 | 0#|tPublic Health Agency of Canada, National Microbiology Laboratory report of accomplishments : |w(CaOODSP)9.690849 |
| 792 | |tAgence de la santé publique du Canada, Laboratoire national de microbiologie, rapport des accomplissements : |efre|w(CaOODSP)9.669968 |